Представление документа в формате RUSMARC

ПолеНазваниеЗначение
  Тип записи a
  Библиографический уровень a
001 Контрольный номер RU/CBS_UL/BASE/9e06dd84d9544878babb1f1adb1162bb
005 Дата корректировки 20260325174414.3
100 Данные общей обработки __
a Данные общей обработки 20260325 ||| 0rusy0189 ca
101 Язык документа 0_
a Язык текста rus
102 Страна публикации __
a Страна публикации RU
200 Заглавие и сведения об ответственности 1_
a Заглавие Тамара Сезеневская и Елена Юнгер. Опальные сёстры Золушки
e Сведения, относящиеся к заглавию [о судьбе актрис Т. Сезеневской и Е. Юнгер]
f Первые сведения об ответственности А. Морева
300 Общие примечания __
a Общие примечания 16+
461 Уровень набора _0
1 2000
a Дарья. Биография
463 Уровень физической единицы _0
1 2000
a № 3
v С. 18-19 : фот.
1 2101
d 2026
1 001RU/CBS_UL/BASE/8a545d0a4e7c449cbd5f34bb5f136998
600 Персоналии _1
a Персоналии (Фамилия) Сезеневская
b Персоналии (Имя, инициалы) Т.В.
600 Персоналии _1
a Персоналии (Фамилия) Юнгер
b Персоналии (Имя, инициалы) Е.В.
606 Тематические рубрики 0_
a Основная рубрика Сезеневская, Тамара Вячеславовна (1915-1987)
606 Тематические рубрики 0_
a Основная рубрика Юнгер, Елена Владимировна (1910-1999)
610 Ключевые слова 0_
a Ключевые слова актрисы, актрисы советские, российские актрисы, актрисы театра, Золушка (фильмы)
686 Индексы других классификаций __
2 Код системы rubbk
a Классификационный индекс 85.374(2)
700 Автор _1
a Фамилия Морева
b Имя (инициалы) А.
801 Источник записи _0
a Страна RU
b Организация МБУК ЦБС г. Ульяновска
c Дата составления 20260325
g Правила каталогизации RCR
801 Источник записи _1
a Страна RU
b Организация МБУК ЦБС г. Ульяновска
c Дата составления 20260325
g Правила каталогизации RCR
901 Тип документа __
t Тип документа b
w Контрольный № источника RU/CBS_UL/BASE/8a545d0a4e7c449cbd5f34bb5f136998
909 Создатель записи __
a Создатель записи lib1